000 00735nam a2200217 a 4500
003 MX-MxUPN
005 20241203151113.0
008 991125s1942 pe r 000 0 spa d
035 _aUPN01000044838
040 _aMX-MxUPN
_bspa
_cMX-MxUPN
041 0 _aspa
050 1 4 _aLB1629.5
_bP5 1942
110 1 _aPerú.
_bMinisterio de Educación Pública
_929830
245 1 0 _aPlan y programas para la educación secundaria común
260 _aLima :
_bMinisterio de Educación Pública,
_c1942.
300 _a139 páginas
500 _a"Edición oficial"
650 4 _aEducación secundaria
_zPerú
_xPlanes y programas
_919361
710 2 _aInstituto Nacional de Pedagogía (México)
_928088
_epropietario anterior
942 _2lcc
_cLIBRO
999 _c44838
_d44838